00361nam a2200109Ia 4500008004100000082002000041100001700061245001500078260007200093630001800165650006800183211109s9999||||xx |||||||||||||| ||und|| a894.8123bKAK-E aKakkanadan,  0aEdavapathi bFrom Fr Gregory Karikamparampil No 1006aEndowment, Current Bc1900 xGENERAL STACK aLiteraturevMalayalam LiteraturexMalayalam NovelStoryMalayalam